00589nam a2200217Ia 450000500170000000800410001702000150005808200130007324500170008626000360010330000130013965000100015265000200016265000110018265000130019370000270020670000220023394200060025595200950026199900150035620240826060535.0240331s9999 xx 000 0 und d a8170333069 bWOMa800 0aWomen Images aJaipurbRawat Publicationc1996 a293 p ., aWoman aHuman Evolution aSocial aCultural aJain, Pratibha . eedt aMahan, Rajaneedt cL 001040708LaWERCLbWERCLcSSCd2024-03-31l0o 800 WOMp2117r2024-03-31w2024-03-31yL c3090d3090